000 00329nam a2200169Ia 4500
100 _akaplan/Zach
650 _a3D
942 _cBK
366 _f20
654 _a3d carving
245 _aMake:Getting started with 3D Carving
260 _bSPD
_c2017
082 _bKAP
300 _a124
546 _aENGLISH
999 _c21579
_d21579